000 00573nam a22002053 4500
001 21633
003 BD-RjUL
005 20211209000718.0
008 140305s1915 ii 000 0
035 _a(BD-RjUL)21698
_aCD-0000622655
040 _aBD-RjUL
_beng
_cBD-RjUL
_dBD-RjUL
041 _aeng
082 0 0 _a300.5
_bMOA 1915
100 1 _aMookerjee, Asutosh
_966795
245 1 0 _aAddresses :
_bliterary and academic /
_c Asutosh Mookerjee.
260 _aCalcutta :
_bR. Cambray,
_c1915.
300 _a568 p. ;
_c21 cm.
650 0 _aTheology.
_966796
942 _2ddc
_cBK
999 _c21633
_d21633